Leading issues in economic development (Record no. 152796)

MARC details
000 -LEADER
fixed length control field 00322nam a2200133Ia 4500
082 ## - DEWEY DECIMAL CLASSIFICATION NUMBER
Classification number 338.9
Item number MEI/LE
100 ## - MAIN ENTRY--PERSONAL NAME
Personal name Meier, Gerald M
245 ## - TITLE STATEMENT
Title Leading issues in economic development
250 ## - EDITION STATEMENT
Edition statement 4
260 ## - PUBLICATION, DISTRIBUTION, ETC. (IMPRINT)
Name of publisher, distributor, etc Oxford University Press
Place of publication, distribution, etc Bombay
Date of publication, distribution, etc 1986
300 ## - PHYSICAL DESCRIPTION
Extent xiii, 768p
546 ## - LANGUAGE
Language note English
942 ## - ADDED ENTRY ELEMENTS (KOHA)
Koha item type Books (General)
Source of classification or shelving scheme Dewey Decimal Classification
Holdings
Lost status Damaged status Not for loan Home library Current library Date acquired Total Checkouts Full call number Barcode Date last seen Koha item type Public note
      KAU Central Library, Thrissur KAU Central Library, Thrissur 29/12/2016   338.9 MEI/LE 904105 29/12/2016 Books (General) Book transferred from CCBM Library ,Acc.No:674
Kerala Agricultural University Central Library
Thrissur-(Dt.), Kerala Pin:- 680656, India
Ph : (+91)(487) 2372219
E-mail: librarian@kau.in
Website: http://library.kau.in/